Local participation in Spain : beyond associative democracy / Joan Font beyond associative democracy / Joan Font
Descripción Física:
26 p. ; 21 cm
MARC
| LEADER | 00000nam a2200000Ia 4500 | ||
|---|---|---|---|
| 001 | 14852 | ||
| 008 | 160829s2002 xx 000 0 cat d | ||
| 080 | |a FU-31-29 | ||
| 100 | |a Font, Joan |9 24529 | ||
| 245 | |a Local participation in Spain : |b beyond associative democracy / Joan Font | ||
| 260 | |a Barcelona : |b Institut de Ciències Polítiques i Socials, |c 2002 | ||
| 300 | |a 26 p. ; |c 21 cm | ||
| 490 | |a Working papers / Institut de Ciències Polítiques i Socials ; 210 | ||
| 590 | |a Notes, referències bibliogràfiques | ||
| 650 | 0 | |a Democracia |z Espanya |9 11006 | |
| 650 | 0 | |a Participació política |z Espanya |9 11047 | |
| 710 | 2 | |a Institut de Ciències Polítiques i Socials (Barcelona, Catalunya) |9 55871 | |
| 901 | |a Arxiu | ||
| 942 | |n 1 | ||
| 952 | |0 0 |1 0 |4 0 |6 FU3129 |7 1 |9 43195 |a Arxiu |b Arxiu |d 2016-12-01 |l 0 |o FU-31-29 |p 14852 |r 2016-12-01 00:00:00 |w 2016-12-01 |y ARXIU | ||
| 999 | |c 45739 |d 45739 | ||